00249cam a22000857a 4500008004000000082001600040245004700056260005000103300001000153180718b1965 xxu||||| |||| 00| 0 eng d aK63x42 Un3r aReport of the standing security commission aLondonbHer Majesty's Stationery Officec1965 a51+p.